000 00275 a2200109 4500
020 _a9780060173074
041 _aeng
100 _aSchlessinger, Laura.
245 _aHow could you do that?! : the abdication of character, courage, and conscience
942 _cBK
999 _c3435
_d3435
999 _d3435